000 00325nam a2200133Ia 4500
008 240624s9999 xx 000 0 und d
041 _aeng
082 _a823 BHA
100 _aBHAGAT CHETAN
245 _aREVOLUTION 2020 LOVE CORRUPTION AMBITION
260 _c2011
_aNew Delhi
_bRupa
300 _a304 : p.
365 _cRS
_b25
999 _c18248
_d18248